| 000 | 00897nas a2200289 4500 | ||
|---|---|---|---|
| 001 | BR0104910 | ||
| 003 | BR-BrBNA | ||
| 005 | 20231205102509.0 | ||
| 007 | ta | ||
| 008 | 230509b bl.|||p| |||| 00| 00por d | ||
| 040 |
_aBR-BrBNA _bpor _cBiblioteca Nacional de Agricultura |
||
| 041 | _a(Pt) | ||
| 072 | _aL73 | ||
| 100 | 1 | _aPereira, M.A.V. da C. | |
| 100 | 1 | _aRodrigues, R.E. dos S. | |
| 100 | 1 | _aContreiras, E.C. | |
| 100 | 1 | _aMota, R. | |
| 100 | 1 | _aBotelho, G.G. | |
| 245 | 1 | _aParametros bioquimico-sericos de interesse no controle da anemia infecciosa equina | |
| 650 | _aEquino | ||
| 650 | _aAnemia Infecciosa | ||
| 650 | _aBioquimica Animal | ||
| 650 | _aControle Biologico | ||
| 773 | 0 |
_tRevista Brasileira de Medicina Veterinaria (Brazil) _xISSN 0100-2430 _g(Jan-Feb 2001), v. 23(1) p. 21-23 _wBR0104910 |
|
| 909 |
_a202311 _bLúcia _c55 _dLúcia Elande |
||
| 942 |
_2AGRIS _n0 _cANA |
||
| 999 |
_c167858 _d167858 |
||